Jezsuita okmánytár Erdélyt és Magyarországot érintő iratok 1601-1606 I/1.

Bibliographic Details
Other Authors: Balázs, Mihály (Author of introduction, etc.), Kruppa, Tamás (Compiler), Lázár, István Dávid (Compiler), Lukács, László (Compiler)
Format: Book
Language:Hungarian
Latin
PhysicalDescription:408 s. 24 cm
Published: Szeged József Attila Tudományegyetem 1995
ISBN:9634820891
9634820889
ISSN:0230-8495
Series:Adattár 16-18. századi szellemi mozgalmaink történetéhez
Subjects:

MARC

LEADER 00000cam a2200000 a 4500
001 vtls001218685
003 SK-MaSNL
005 20260301194759.0
008 251029s1995 hu fr 100 0 hun
015 |a SNBZSA1996-00176 
020 |a 9634820891  |q (brož.) 
020 |a 9634820889  |q (súbor) 
035 |a SNK000162444 
035 |a urn:nbn:sk:snk-amkf6s 
035 |a urn:nbn:sk:snk-am003t4p 
035 |a 89FBD477-00A1-4083-94C3-F1B462824F50 
040 |a SNK  |b slo  |c SNK  |e AACR2 
041 0 |a hun  |a lat 
043 |a e-hu--- 
044 |a hu  |c HU 
080 |a 271.5:943.92"1601/1606"=945.11  |2 1981 
080 |a 943.92"1601/1606"=945.11  |2 1981 
080 |a "1601/1606"  |2 2001 
080 |a 94(439)  |2 2001 
245 0 0 |a Jezsuita okmánytár  |b Erdélyt és Magyarországot érintő iratok 1601-1606  |n I/1.  |c sajtó alá rendezte Balázs Mihály ... [et al.] ; a bevezető tanulmányt írta Balázs Mihály 
260 |a Szeged  |b József Attila Tudományegyetem  |c 1995 
300 |a 408 s.  |c 24 cm 
490 1 |a Adattár 16-18. századi szellemi mozgalmaink történetéhez  |x 0230-8495  |v 34. 
500 |a Rozlož. tit. strana 
546 |a Čiast. v latinčine 
610 0 7 |a Jezuiti  |2 SNK  |9 30953 
648 7 |a 1601-1606  |2 SAVUKPH  |9 575846 
651 7 |a Uhorsko  |x dejiny  |2 SNKPH  |9 56334 
651 7 |a Kingdom of Hungary  |x history  |2 SAVUKPHeng  |9 563587 
655 7 |a zborníky konferencií  |2 SNKPH  |9 70153 
655 7 |a letopisy  |2 SNKPH  |9 30428 
655 7 |a dokumenty  |2 SNKPH  |9 70482 
700 1 |a Balázs, Mihály  |4 aui  |9 516516 
700 1 |a Kruppa, Tamás  |4 com  |9 575847 
700 1 |a Lázár, István Dávid  |4 com  |9 575848 
700 1 |a Lukács, László  |4 com  |9 293785 
830 0 |a Adattár 16-18. századi szellemi mozgalmaink történetéhez  |x 0230-8495  |9 287161 
919 |a 963 482 089 1 
919 |a 963 482 088 9 
958 |a OND 
958 |a ZS 
958 |a TL 
958 |a HU 
999 |c 883113  |d 885043 
952 |t P60, <03>, [BOOK], {603}  |a SNK  |b SNK  |y PREZ  |7 0  |p 17A0008191  |o snkSC 91023/1/1  |i snkV 1218/96  |0 0  |1 0  |4 0  |d 1996-07-30  |f 1  |l 0  |r 2025-09-09 00:00:00  |w 2026-02-24